000 01651nam a2200481 i 4500
001 28145
003 KOSZ 005
005 20200518141343.0
008 981118s1985 pl a f |000 0 pol
015 _aUWD 1985/6443
020 _a8304019876
035 _a991008286449705066
035 _a(PL-WaBN)b12135598-48omnis_nlop
035 _ab12135598
035 _a(OCoLC)749284589
035 _a(PL)b0000001213559
035 _a(EXLNZ-48OMNIS_NETWORK)9910200615405606
040 _aWA N
_cWA N
_dKOSZ 005/EG
041 0 _apol
080 _a502.1
080 _a502.13/.14
080 _a304
245 1 0 _aEkonomiczne i socjologiczne problemy ochrony środowiska :
_bpraca zbiorowa /
_cpod kier. Adama Ginsberta-Geberta.
260 _aWrocław [etc.] :
_bZakład Narodowy im. Ossolińskich,
_c1985.
300 _a312 s. :
_brys. ;
_c24 cm.
336 _aTekst
_btxt
_2rdacontent
337 _aBez urządzenia pośredniczącego
_bn
_2rdamedia
338 _aWolumin
_bnc
_2rdacarrier
380 _aKsiążki
388 _a1901-2000
388 _a1945-1989
504 _aBibliogr. s. 271-304 oraz przy rozdz. - Rez., sum., Zsfg.
650 7 _aOchrona środowiska
_2DBN
650 7 _aEkonomika
_2DBN
650 7 _aSocjologia
_2DBN
658 _aOchrona środowiska
658 _aSocjologia i społeczeństwo
700 1 _aGinsbert-Gebert, Adam
_d(1914-1994)
_eOpracowanie
710 2 _aZakład Narodowy im. Ossolińskich
_bWydawnictwo
856 _uhttp://koha.tu.koszalin.pl/cgi-bin/koha/opac-detail.pl?biblionumber=28145
_yKatalog online BPK
942 _2UKD
_cKS
999 _c28145
_d28145